The Butt Quiz Stats

 Plays Quiz Updated Nov 23, 2018

     
Support Sporcle.
Go Orange.
Score 0/25 Timer 06:00
0 Plays Today
animal % Correct
Zebra
99.1%
Pig
99.1%
Tiger
98.8%
Elephant
98.4%
Giraffe
93.7%
Ladybug
93.1%
Cheetah
87.9%
Flamingo
86.3%
Chicken
85.8%
Squirrel
85.5%
Ostrich
85.3%
Parrot
80.8%
Hippopotamus
80.5%
animal % Correct
Polar Bear
76.1%
Swan
75.2%
Chipmunk
74.6%
Sheep
74%
Turtle
73.5%
Cow
69.9%
Peacock
58.9%
Mandrill
56.3%
Gorilla
55.5%
Penguin
55.4%
Lemur
53%
Pronghorn
29.2%

From the Vault

Barnes & Noble Classics Covers

by rlove832

These covers aren't quite the ones we remembered, but they'll do.
Remove Ads.
Support Sporcle.
Get the best of Sporcle when you Go Orange. This ad-free experience offers more features, more stats, and more fun while also helping to support Sporcle. Thank you for becoming a member.

Show Comments

Extras

Top Quizzes Today


Score Distribution

Your Account Isn't Verified!

In order to create a playlist on Sporcle, you need to verify the email address you used during registration. Go to your Sporcle Settings to finish the process.

Report this User

Report this user for behavior that violates our Community Guidelines.

Details: